| 000 | 00797nam a2200205 a 4500 | ||
|---|---|---|---|
| 005 | 20221209063615.0 | ||
| 008 | 991125s1993 mx 000 0 spa u | ||
| 035 | _aUPN01000020621 | ||
| 049 | _aF | ||
| 050 | 4 |
_aHM258 _bM3.3 |
|
| 100 | 1 | _aMartínez Alvarado, J. Mario | |
| 245 | 1 | 3 |
_aLa escuela y la familia ante los medios masivos de comunicación : _bdocumento de apoyo a la conferencia de sensibilización / _cJ. Mario Martínez Alvarado, Rodolfo Sánchez Rovirosa. |
| 260 |
_aMéxico : _bILCE, _c1993. |
||
| 300 | _a23 p. | ||
| 440 | 0 | _aPrograma de educación para los medios | |
| 520 | _a"Síntesis de la investigación de Mercedes Charlie C. y Guillermo Orozco G." | ||
| 650 | 4 |
_aMedios masivos de comunicación _99547 |
|
| 700 | 1 |
_aSánchez Rovirosa, Rodolfo, _ecoaut. |
|
| 905 | _aLibro | ||
| 999 |
_c20621 _d20621 |
||